Statistics for Wizards of Waverly Place Franchise

Click here to take the quiz!

General Stats

  • This quiz has been taken 35 times
  • The average score is 4 of 6

Answer Stats

TypeYearNameInfo% Correct
TV Show2007-2012Wizards of Waverly PlaceDisney Channel
97%
Video Game2009Wizards of Waverly PlaceDisney Interactive
97%
TV Film2009Wizards of Waverly Place: The MovieDisney Channel
90%
TV Film2013The Wizards Return: Alex vs. AlexDisney Channel
65%
Video Game2010Wizards of Waverly Place: SpellboundDisney Interactive
13%
TV Show2019-PresentWizards of Warna WalkDisney Channel Asia
6%

Score Distribution

Percentile by Number Answered

Percent of People with Each Score

Your Score History

You have not taken this quiz